| 000 | 00474nam a2200205Ia 4500 | ||
|---|---|---|---|
| 003 | 0100 | ||
| 008 | 130307s9999 xx 000 0 und d | ||
| 040 | _cARRUPELIB | ||
| 050 | _aB3279.H49M38 1971 | ||
| 100 | _aMehta, J.L | ||
| 245 | 4 | _aThe philosophy of Martin Heidegger | |
| 260 | _aNew York | ||
| 260 | _bHarper & Row | ||
| 260 | _c1971 | ||
| 300 | _axx | ||
| 300 | _b279p. 23 cm. | ||
| 650 | _aPHILOSOPHY | ||
| 650 | _bRadhakrishnan, Sarvepalli | ||
| 942 | 0 | 0 | _05 |
| 999 |
_c94245 _d94245 |
||